Précis élémentaire de droit civil
Wedi'i Gadw mewn:
| Prif Awdur: | |
|---|---|
| Fformat: | Llyfr |
| Iaith: | Ffrangeg |
| Cyhoeddwyd: |
París
Recueil Sirey
1928
|
| Pynciau: | |
| Tagiau: |
Ychwanegu Tag
Dim Tagiau, Byddwch y cyntaf i dagio'r cofnod hwn!
|
MARC
| LEADER | 00000nam a2200000 a 4500 | ||
|---|---|---|---|
| 001 | UCS1423 | ||
| 003 | CL-VaPUC | ||
| 008 | 970509e19280000FR |||||||||||||||||fre|d | ||
| 082 | 0 | 4 | |a 346.44 |b HEM |2 21 |
| 100 | |a Hémard, Joseph |e author |9 385869 | ||
| 245 | 1 | 0 | |a Précis élémentaire de droit civil |
| 300 | |a 2 v | ||
| 942 | |c BK | ||
| 945 | |d 19970509 00:00:00 |a lriquelm | ||
| 260 | |a París |b Recueil Sirey |c 1928 | ||
| 500 | |a v.1: Théorie générale du droit civil. Les droits de famille. Les droits réels | ||
| 650 | 0 | |a Derecho civil |9 255013 | |
| 650 | 0 | |a Personas |9 255751 | |
| 650 | 0 | |a Bienes |9 255749 | |
| 650 | 0 | |a Patrimonio |9 257770 | |
| 650 | 0 | |a Actos jurídicos |9 255748 | |
| 650 | 0 | |a Derecho de familia |9 255603 | |
| 650 | 0 | |a Filiación |9 256647 | |
| 650 | 0 | |a Adopción |9 255783 | |
| 650 | 0 | |a Tutelas |9 384923 | |
| 650 | 0 | |a Derechos reales |9 257708 | |
| 650 | 0 | |a Posesión |9 258681 | |
| 650 | 0 | |a Obligaciones |9 255578 | |
| 650 | 7 | |a TEORIA GENERAL |2 CL-VaPUC |9 385870 | |
| 650 | 7 | |a EFECTO DE LOS CONTRATOS |2 CL-VaPUC |9 385192 | |
| 650 | 0 | |a Responsabilidad extracontractual |9 336742 | |
| 650 | 0 | |a Hipoteca |9 255780 | |
| 583 | |a last modification |c 19970509 00:00:00 |k Rodrigo Vera | ||
| 999 | |c 259516 |d 259514 | ||
| 952 | |0 0 |1 0 |4 0 |6 346_440000000000000_HEM_1928 |7 0 |8 X |9 284311 |a BIBDER |b BIBDER |d 2019-11-19 |h v.1 |i 1846140 |o 346.44 HEM 1928 |p 1846140 |r 2023-01-25 |w 2019-11-19 |y BK_X |k DER | ||
| 952 | |0 0 |1 0 |4 0 |6 346_440000000000000_HEM_1928 |7 0 |8 X |9 284312 |a BIBDER |b BIBDER |d 2019-11-19 |h v.2 |i 1846159 |o 346.44 HEM 1928 |p 1846159 |r 2023-01-25 |w 2019-11-19 |y BK_X |k DER | ||